000 01007nam a22002417a 4500
999 _c8234
_d8234
003 AR-CdUCM
008 190322b ||||| |||| 00| 0 spa d
020 _a958-04-2144-7
040 _aMUNICIPALIDAD PROVINCIAL DEL CUSCO
_cBIBLIOTECA MUNICIPAL DEL CUSCO
082 _a658 /
_bD79
100 _aDrucker, Peter Ferdinand,
_923179
245 _aGerencia para el futuro :
_b el decenio de los 90 y más allá /
260 _aBogotá :
_bGrupo Editorial Norma,
_c 1993.
300 _axi, 353 paginas;
_c23 cm.
500 _aTitulo original : Managing for the future
505 _aContenido : El futura ya esta aquí -- La pobreza de la teoría económica -- La economía transaccional -- Jornales bajos ya no son una ventaja competitiva -- La gran arma japonesa de postguerra...
650 _aAdministración de empresas.
_96082
650 _aGerencia
_922468
650 _aEstudio y enseñanza.
_92610
700 _aCardenas Nannetti, Jorge (Traductor)
_923180
942 _2ddc
_cLIBROS
945 _awnts